Statistiques concernant Les pilotes Red Bull en Formule 1

Cliquez ici pour prendre le quiz!

Statistiques générales

  • Ce quiz a été pris 5 092 fois
    (2 769 depuis la dernière actualisation)
  • Le résultat moyen est 8 sur 12

Statistiques - réponses

Nb de Grands PrixSaisonsNationalitéPilote% Correct
1402016-Pays-BasMax Verstappen
100%
442021-MexiqueSergio Pérez
98%
1132009-2014AllemagneSebastian Vettel
96%
1002014-2018AustralieDaniel Ricciardo
95%
122019FrancePierre Gasly
93%
262019-2020ThaïlandeAlexander Albon
91%
1292007-2013AustralieMark Webber
76%
212015-2016RussieDaniil Kvyat
66%
712005-2008Royaume-UniDavid Coulthard
38%
42005ItalieVitantonio Liuzzi
13%
282005-2006AutricheChristian Klien
10%
32006Pays-BasRobert Doornbos
6%

Distribution des résultats

Percentile par nombre de réponses

% des personnes avec chaque résultat

Votre développement - résultats

Vous n’avez pas pris ce quiz depuis la dernière actualisation